[Event "Schweinfurt op 29th"]
[Site "Schweinfurt"]
[Date "2019.06.23"]
[Round "7"]
[White "Reichert, Claudia"]
[Black "Burzler, Fabian"]
[Result "1-0"]
[WhiteElo "1682"]
[BlackElo "890"]
[PlyCount "113"]
[EventDate "2019.06.20"]
[EventType "swiss"]
[EventRounds "7"]
[EventCountry "GER"]
[SourceTitle "CBM 191 Extra"]
[Source "ChessBase"]
[SourceDate "2019.09.30"]
[SourceVersion "1"]
[SourceVersionDate "2019.09.30"]
[SourceQuality "1"]

1. c4 Nf6 2. Nc3 g6 3. g3 Bg7 4. Bg2 d6 5. d4 0-0 6. Nf3 Bf5 7. 0-0 Nbd7 8. Nh4 Bg4 9. Bxb7 Rb8 10. Bg2 Re8 11. h3 Be6 12. d5 Bf5 13. e4 Bxe4 14. Nxe4 e6 15. Rb1 Nxe4 16. Bxe4 f5 17. Bg2 e5 18. Nf3 Rf8 19. Bg5 Bf6 20. Bxf6 Qxf6 21. Qd2 Nc5 22. Qg5 Qf7 23. b3 Ne4 24. Qh6 Nc3 25. Ng5 Qe7 26. Rb2 Ne4 27. Nxe4 fxe4 28. Bxe4 Rf6 29. h4 Qg7 30. Qxg7+ Kxg7 31. Re2 Rbf8 32. Bg2 a6 33. f4 R8f7 34. fxe5 dxe5 35. Rxe5 Rf5 36. Rfxf5 gxf5 37. Bh3 f4 38. Rf5 Rxf5 39. Bxf5 fxg3 40. Kg2 h6 41. Kxg3 Kf6 42. Kf4 h5 43. b4 Kg7 44. Kg5 Kf7 45. Kxh5 Kf6 46. Kg4 Ke5 47. h5 Kd6 48. h6 c5 49. bxc5+ Kxc5 50. h7 a5 51. h8Q a4 52. Qc3 a3 53. Qxa3+ Kd4 54. d6 Ke5 55. d7 Kf6 56. d8Q+ Kg7 57. Qaf8# 1-0

[Event "Schweinfurt op 29th"]
[Site "Schweinfurt"]
[Date "2019.06.22"]
[Round "4"]
[White "Buld, Lukas"]
[Black "Burzler, Fabian"]
[Result "1-0"]
[WhiteElo "1227"]
[BlackElo "890"]
[PlyCount "101"]
[EventDate "2019.06.20"]
[EventType "swiss"]
[EventRounds "7"]
[EventCountry "GER"]
[SourceTitle "CBM 191 Extra"]
[Source "ChessBase"]
[SourceDate "2019.09.30"]
[SourceVersion "1"]
[SourceVersionDate "2019.09.30"]
[SourceQuality "1"]

1. d4 Nf6 2. Nf3 g6 3. e3 Bg7 4. c3 d6 5. Bd3 0-0 6. Nbd2 Re8 7. 0-0 e5 8. Ne4 Bf5 9. Nxf6+ Qxf6 10. e4 Bd7 11. Bb1 h6 12. dxe5 Qe6 13. exd6 cxd6 14. Re1 Bc6 15. Bf4 Rd8 16. e5 Bxf3 17. Qxf3 Nc6 18. Be4 dxe5 19. Bxc6 bxc6 20. h3 Qd5 21. Qxd5 cxd5 22. Bxe5 Bxe5 23. Rxe5 Rab8 24. b3 Re8 25. Rxd5 Rbd8 26. Rad1 Rxd5 27. Rxd5 Re2 28. Ra5 Re1+ 29. Kh2 Re2 30. f3 Rc2 31. c4 Kg7 32. Rxa7 g5 33. a4 Rc3 34. Rb7 Rc2 35. Rb4 h5 36. a5 g4 37. hxg4 hxg4 38. fxg4 Ra2 39. Ra4 Rb2 40. b4 Kg6 41. a6 Rd2 42. b5 Kg5 43. a7 Kxg4 44. a8Q Rd3 45. Qe8 f5 46. Qe2+ Rf3 47. c5+ f4 48. Qxf3+ Kg5 49. Rxf4 Kg6 50. Qg3+ Kh5 51. Rh4# 1-0

[Event "Schweinfurt op 29th"]
[Site "Schweinfurt"]
[Date "2019.06.20"]
[Round "1"]
[White "Burzler, Fabian"]
[Black "Peuckert, Ruediger"]
[Result "0-1"]
[WhiteElo "890"]
[BlackElo "1783"]
[PlyCount "44"]
[EventDate "2019.06.20"]
[EventType "swiss"]
[EventRounds "7"]
[EventCountry "GER"]
[SourceTitle "CBM 191 Extra"]
[Source "ChessBase"]
[SourceDate "2019.09.30"]
[SourceVersion "1"]
[SourceVersionDate "2019.09.30"]
[SourceQuality "1"]

1. d4 Nf6 2. Bf4 d5 3. Nf3 Bf5 4. e3 e6 5. c3 Be7 6. Bd3 Ne4 7. 0-0 Nd7 8. Nbd2 g5 9. Be5 f6 10. Bg3 Nxg3 11. fxg3 Bxd3 12. Rf2 Nb6 13. Ne1 Bg6 14. Qg4 Qd7 15. Nb3 h5 16. Qe2 Bf5 17. Nd2 0-0-0 18. Nc2 Bxc2 19. e4 Bxe4 20. Nxe4 dxe4 21. Qxe4 f5 22. Re1 fxe4 0-1

[Event "Schweinfurt op 29th"]
[Site "Schweinfurt"]
[Date "2019.06.20"]
[Round "2"]
[White "Leichum, Engelbert"]
[Black "Burzler, Fabian"]
[Result "1-0"]
[WhiteElo "1601"]
[BlackElo "890"]
[PlyCount "39"]
[EventDate "2019.06.20"]
[EventType "swiss"]
[EventRounds "7"]
[EventCountry "GER"]
[SourceTitle "CBM 191 Extra"]
[Source "ChessBase"]
[SourceDate "2019.09.30"]
[SourceVersion "1"]
[SourceVersionDate "2019.09.30"]
[SourceQuality "1"]

1. e4 c5 2. a3 e6 3. b4 Nc6 4. Bb2 Nf6 5. b5 Na5 6. e5 Ne4 7. d3 Ng5 8. f4 d6 9. fxg5 Qxg5 10. Nf3 Qe3+ 11. Be2 b6 12. Bc1 Qxc1 13. Qxc1 dxe5 14. 0-0 Bd6 15. Qe3 f6 16. Nbd2 0-0 17. Ne4 Bc7 18. Neg5 Kh8 19. Qe4 Bb7 20. Qxh7# 1-0